Angielskie nazwy narządów - Statystyki

Ogólne statystyki
  • Ten quiz został rozwiązany 116 razy
  • Średni wynik to 14 z 24
Statystyki odpowiedzi
Polski Angielski % Poprawnych
Oko Eye
97%
Mózg Brain
92%
Serce Heart
91%
Ucho Ear
90%
Nos Nose
90%
Skóra Skin
86%
Ząb Tooth
82%
Wątroba Liver
81%
Płuco Lung
72%
Język Tongue
71%
Czaszka Skull
68%
Gardło Throat
67%
Kręgosłup Spine
64%
Nerka Kidney
60%
Żołądek Stomach
60%
Dziąsło Gum
39%
Pęcherz Bladder
35%
Miednica Pelvis
24%
Śledziona Spleen
19%
Przełyk Esophagus
18%
Jelito grube Large intestine
17%
Trzustka Pancreas
17%
Jelito cienkie Small intestine
17%
Klatka piersiowa Rib cage
14%
Nie znaleziono quizów pasujących do podanych kryteriów
Rozkład punktacji
Procent ludzi z każdym wynikiem
Percentyl według liczby udzielonych odpowiedzi
Twoja historia wyników
Nie rozwiązałeś tego quizu